Význam a spôsob účtovného zobrazenia rezerv v účtovných závierkách podnikateľov v SR bakalárska práca

Saved in:
Bibliographic Details
Main Author: Caltíková, Martina
Corporate Author: Fakulta hospodárskej informatiky EU. Katedra účtovníctva a audítorstva
Other Authors: Tumpach, Miloš, 1970-
Format: Book
Language:Slovak
Published: Bratislava 2024
Tags: Add Tag
No Tags, Be the first to tag this record!

MARC

LEADER 00000nbm a2200000 4500
001 0304105
005 20250131095249.5
041 0 |a slo 
044 |a SK 
245 1 0 |a Význam a spôsob účtovného zobrazenia rezerv v účtovných závierkách podnikateľov v SR  |b bakalárska práca  |c Martina Caltíková ; školiteľ: Miloš Tumpach 
264 1 |a Bratislava  |c 2024 
300 |a 40 s. 
100 1 |a Caltíková, Martina 
700 1 |a Tumpach, Miloš, 1970- 
710 2 |a Fakulta hospodárskej informatiky EU. Katedra účtovníctva a audítorstva